<?xml version="1.0" encoding="UTF-8"?><?xml-stylesheet type="text/xsl" href="static/style.xsl"?><OAI-PMH xmlns="http://www.openarchives.org/OAI/2.0/" xmlns:xsi="http://www.w3.org/2001/XMLSchema-instance" xsi:schemaLocation="http://www.openarchives.org/OAI/2.0/ http://www.openarchives.org/OAI/2.0/OAI-PMH.xsd"><responseDate>2026-04-17T13:35:39Z</responseDate><request verb="GetRecord" identifier="oai:www.recercat.cat:20.500.12327/2032" metadataPrefix="marc">https://recercat.cat/oai/request</request><GetRecord><record><header><identifier>oai:recercat.cat:20.500.12327/2032</identifier><datestamp>2025-10-22T11:17:10Z</datestamp><setSpec>com_2072_4428</setSpec><setSpec>com_2072_4427</setSpec><setSpec>col_2072_487898</setSpec></header><metadata><record xmlns="http://www.loc.gov/MARC21/slim" xmlns:dcterms="http://purl.org/dc/terms/" xmlns:xsi="http://www.w3.org/2001/XMLSchema-instance" xmlns:doc="http://www.lyncode.com/xoai" xsi:schemaLocation="http://www.loc.gov/MARC21/slim http://www.loc.gov/standards/marcxml/schema/MARC21slim.xsd">
   <leader>00925njm 22002777a 4500</leader>
   <datafield ind2=" " ind1=" " tag="042">
      <subfield code="a">dc</subfield>
   </datafield>
   <datafield ind2=" " ind1=" " tag="720">
      <subfield code="a">Boukid, Fatma</subfield>
      <subfield code="e">author</subfield>
   </datafield>
   <datafield ind2=" " ind1=" " tag="720">
      <subfield code="a">Pera, Joan</subfield>
      <subfield code="e">author</subfield>
   </datafield>
   <datafield ind2=" " ind1=" " tag="720">
      <subfield code="a">Parlade, Xavier</subfield>
      <subfield code="e">author</subfield>
   </datafield>
   <datafield ind2=" " ind1=" " tag="720">
      <subfield code="a">Castellari, Massimo</subfield>
      <subfield code="e">author</subfield>
   </datafield>
   <datafield ind2=" " ind1=" " tag="260">
      <subfield code="c">2022-11-11</subfield>
   </datafield>
   <datafield ind2=" " ind1=" " tag="520">
      <subfield code="a">Waste management of brewery by-products is economically and environmentally problematic. In the frame of bio-recycling, this study aims to investigate the bioconversion of brewery by-products by filamentous fungi. Pleurotus ostreatus and Lentinula edodes were grown on different substrates based on brewer’s spent grains (fresh and dry). Afterwards, fatty acids and sterols were determined. Following the selection of the suitable substrate composition for fungal growth, results showed that fatty acids composition of fungal biomasses varied significantly as a function of substrate and fungal strain. Interestingly, fungal fat might be used for human nutrition due to low SFA/UFA ratios (~0.2–0.4) within the same range of vegetal oils. Sterols profile of fungi biomass revealed the predominance of ergosterol. Also, it was found that the fungi growing on by-products slightly reduced the cholesterol contents. As such, this approach focusing on the bioconversion of by-products using fungi can provide biomasses with a fat composition suitable for feed and human consumption.</subfield>
   </datafield>
   <datafield ind1="8" ind2=" " tag="024">
      <subfield code="a">Boukid, Fatma, Joan Pera, Javier Parladé, and Massimo Castellari. 2022. "Fungal Bioconversion Of Brewery By-Products". Quality Assurance And Safety Of Crops &amp;Amp; Foods 14 (4): 202-211. doi:10.15586/qas.v14i4.1198.</subfield>
   </datafield>
   <datafield ind1="8" ind2=" " tag="024">
      <subfield code="a">1757-8361</subfield>
   </datafield>
   <datafield ind1="8" ind2=" " tag="024">
      <subfield code="a">http://hdl.handle.net/20.500.12327/2032</subfield>
   </datafield>
   <datafield ind1="8" ind2=" " tag="024">
      <subfield code="a">https://doi.org/10.15586/qas.v14i4.1198</subfield>
   </datafield>
   <datafield ind2="0" ind1="0" tag="245">
      <subfield code="a">Fungal bioconversion of brewery by-products: assessment of fatty acids and sterols profiles</subfield>
   </datafield>
</record></metadata></record></GetRecord></OAI-PMH>